000 01070nam a22001937a 4500
999 _c63655
_d63655
003 Ge_BSU
005 20251126191630.0
008 251125s2025 ge ||||| |||| 00| 0 geo d
020 _a22333541
041 _ageo
080 _a930.25(479.23)(061) ა-86
245 _aარხეიონი = Archeion :
_cაჭარის ავტონომიური რესპუბლიკის მთავრობის საქვეუწყებო დაწესებულება-საარქივო სამმართველო; რედაქტორი მაია ივანიშვილი, თამაზ ფუტკარაძე.
_b ტომი 27 /
264 _aბათუმი :
_bუნივერსალი,
_c2025.
300 _a224 გვ.;
_b26 სმ.
653 _aარხეიონი
700 _aივანიშვილი, მაია
_eმთ. რედაქტორი
_926317
700 _aფუტკააძე, თ.
_eრედაქტორი
_926318
942 _2udc
_cᲬᲘᲒᲜᲘ